Deutsche Rapper mit jeweils einem Hinweis erraten - Statistiken

Allgemein
  • Dieses Quiz wurde 1.358 mal gespielt
  • Das Durchschnittsergebnis liegt bei 11 aus 22
Antwortstatistiken
Tipp Rapper % Korrekt
5 Wer zählt seinen Umsatz im CL500? GZUZ
84%
7 Wer hat Airwaves in seinen Jeans? Pashanim
81%
12 Wer steht mit rücken an der Wand? Haftbefehl
79%
4 Wer hängt auf dem Kiez, unter Palmen aus Plastik? Bonez MC
77%
1 Wer ist der King of Rap? SSIO
77%
8 Wer ist Berliner Kindl, aber kein Friesenjunge? Ski Aggu
76%
10 Wer lässt den Bamba für sich shaken? Luciano
74%
3 Nichts hällt ihm am Boden? Sido
73%
11 Tamam Tamam Summer Cem
72%
22 Wer made it? T-low
70%
14 Wer sagt Bye Bye zu der Liebe seines Lebens? Cro
69%
6 Wer ist der Boss? Kollegah
66%
13 Wer rollt wie ein Ghetto-Präsident in seinem Benz? AK Ausserkontrolle
58%
17 Wer hat 7 Bitches die ihn Lieben? Ufo 361
52%
2 Wer geht so, wie er gekommen ist? Apache207
41%
18 Wer hat Ravani und Ketten aus Gold? Symba
31%
16 Wer hohlt die Schläger raus? KC Rebell
25%
15 Wer ist Künstler und kein Prolet? Eko Fresh
11%
9 Wer ist ein Gorilla? Tarek KIZ
7%
20 Wen triffst du in Barcelona? GRiNGO
7%
21 Wer beißt einen Hund? OG Kemo
5%
19 Wer hat Batzen Batzen? O.G. Pezo
5%
Keine übereinstimmenden Quizze gefunden
Verteilung der Resultate
Anzahl Personen mit jedem Resultat
Perzentil nach korrekt beantworteten Fragen
Ihre Resultats-Entwicklung
Sie haben dieses Quiz noch nicht gespielt